00712cam a2200205 4500035001500000500007100015001001100086008004100097020001500138050002100153100001800174245013100192260004000323300002100363440002600384504002100410650002500431700002600456700002400482 aBFIL001126 aTraducción de: Les trois ordres ou límaginaire du féodalismeBFIL001126 s1992 sp spa  a843060256900aHN425 bD82 19921 aDuby, Georges14aLos Tres órdenes o lo imaginario del feudalismo /cGeorges Duby ; vers. esp. de Arturo R. Firpo ; rev. tec. de Reyna Pastor. aMadrid :bTaurus Humanidades,c1992 a461 p. ;c21 cm. 0aHumanidades. Historia aIncluye índice 4aFeudalismo zFrancia1 aFirpo, Arturo R., tr.1 aPastor, Reyna, rev.